Alan wake 2 chapter songs - Statistics

General Stats
  • This quiz has been taken 7 times
    5 since last reset
  • The average score is 9 of 15
Answer Stats
Hint Answer % Correct
Invitation follow you into the dark
100%
#1 fan North Star Time Breaker Night Springs
100%
Deerfest no one left to love
100%
The Heart wide awake
100%
Old Gods anger's remorse
75%
Summoning dark ocean summoning
75%
No Chance lost at sea
75%
Local Girl Superhero
75%
Scratch dark, twisted, and cruel
50%
Lake House 6 Deep Breaths
25%
Come Home Heros and villains
25%
Gone This road(AW)
25%
masksZane's film This road(falling apart)
25%
We sing665 Return This road(The dark chamber)
25%
Late nightCasey Haunting This road(The mirror is a trap)
25%
No matching quizzes found
Score Distribution
Percent of People with Each Score
Percentile by Number Answered
Your Score History
You have not taken this quiz since the last reset